Gaceta # 88 de 5 de mayo de 1974. Ley # 5513 [Reforma de los artículos 9, 30, 33 y 40 de la Ley de Creación del INFOCOOP]

Kaydedildi:
Detaylı Bibliyografya
Müşterek Yazar: Costa Rica. Asamblea Legislativa
Materyal Türü: Metin
Baskı/Yayın Bilgisi: s.n.t. :
Konular:
Etiketler: Etiketle
Etiket eklenmemiş, İlk siz ekleyin!

MARC

LEADER 00000 a a2200000 04500
001 17183
003
040 |a CRAI/IIS  |c CRAI/IIS 
090 |a 005100  
110 |a Costa Rica. Asamblea Legislativa  
245 |a Gaceta # 88 de 5 de mayo de 1974. Ley # 5513 [Reforma de los artículos 9, 30, 33 y 40 de la Ley de Creación del INFOCOOP]  
260 |a s.n.t. :  
300 |a 1 p.  
650 |a LEGISLACION  
650 |a COOPERATIVAS  
999 |c 11456  |d 11456